DIET FOR DIABETIES (Record no. 22067)

MARC details
000 -LEADER
fixed length control field 00347nam a22001577a 4500
003 - CONTROL NUMBER IDENTIFIER
control field SGT
020 ## - INTERNATIONAL STANDARD BOOK NUMBER
International Standard Book Number 81-722-4-152-6
082 ## - DEWEY DECIMAL CLASSIFICATION NUMBER
Classification number 641.56
Item number D13V
100 ## - MAIN ENTRY--PERSONAL NAME
Personal name VIJAY,G. PANDU
245 ## - TITLE STATEMENT
Title DIET FOR DIABETIES
260 ## - PUBLICATION, DISTRIBUTION, ETC. (IMPRINT)
Place of publication, distribution, etc AHMEDABAD
Name of publisher, distributor, etc JAICO PUB
Year of Publication 2013
300 ## - PAGE DESCRIPTION
No. of Pages 226
650 ## - SUBJECT ADDED ENTRY--TOPICAL TERM
Topical term or geographic name as entry element NATUROPATHY
653 ## - KEYWORDS--INDEX TERM
Keyword term DIET, DIABETIES
942 ## - ADDED ENTRY ELEMENTS (KOHA)
Source of classification or shelving scheme Dewey Decimal Classification
Koha item type Books
942 ## - ADDED ENTRY ELEMENTS (KOHA)
-- 8
Holdings
Withdrawn status Lost status Source of classification or shelving scheme Damaged status Not for loan Collection code Home library Current library Shelving location Date acquired Vendor Name Cost, normal purchase price SGTU Bill Number Total Checkouts Full call number Accession No. (Barcode) Date last seen Bill Date Koha item type Date last borrowed
    Dewey Decimal Classification     AYURVEDA SGT FA-FP Library SGT FA-FP Library Text Book 26/02/2022 SAVERA BOOKS AND DISTRIBUTOR 299.00 SGTU 2122/crb/437   612.3 FA10904 26/02/2022 13/01/2022 Books  
    Dewey Decimal Classification     AYURVEDA SGT FA-FP Library SGT FA-FP Library Text Book 26/02/2022 SAVERA BOOKS AND DISTRIBUTOR 299.00 SGTU 2122/crb/437 3 612.3 FA10905 14/06/2024 13/01/2022 Books 14/06/2024
    Dewey Decimal Classification     AYURVEDA SGT FA-FP Library SGT FA-FP Library Text Book 26/02/2022 SAVERA BOOKS AND DISTRIBUTOR 299.00 SGTU 2122/crb/437 3 612.3 FA10906 04/12/2025 13/01/2022 Books 17/11/2025
    Dewey Decimal Classification     AYURVEDA SGT FA-FP Library SGT FA-FP Library Text Book 26/02/2022 SAVERA BOOKS AND DISTRIBUTOR 299.00 SGTU 2122/crb/437 5 612.3 FA10907 26/10/2023 13/01/2022 Books 09/10/2023
    Dewey Decimal Classification     AYURVEDA SGT FA-FP Library SGT FA-FP Library Text Book 26/02/2022 SAVERA BOOKS AND DISTRIBUTOR 299.00 SGTU 2122/crb/437   612.3 FA10908 26/02/2022 13/01/2022 Books